Impact of kisan credit card scheme on farm productivity and income of farmers uttar pradesh : (Record no. 39590)

MARC details
000 -LEADER
fixed length control field 00560nam a22001337a 4500
082 ## - DEWEY DECIMAL CLASSIFICATION NUMBER
Classification number RQ.0008
100 ## - MAIN ENTRY--AUTHOR NAME
Personal name Barik, Bibhuti Bhushan.
Affiliation S.R. Scientific Publishers
Place Agra
245 ## - TITLE STATEMENT
Title Impact of kisan credit card scheme on farm productivity and income of farmers uttar pradesh :
Sub Title An empirical analysis/
Statement of responsibility, etc Bibhuti Bhushan Barik
260 ## - PUBLICATION, DISTRIBUTION, ETC. (IMPRINT)
Place of publication Uttar Pradesh:
Name of publisher/Sponsor Indian Council of Social Science Research,
Year of publication 2015.
300 ## - PHYSICAL DESCRIPTION
Number of Pages iv,271p.
500 ## - GENERAL NOTE
General note Included Bibiliography and Appendices.
536 ## - FUNDING INFORMATION NOTE
Funding Agency Indian Council of Social Science Research.
942 ## - ADDED ENTRY ELEMENTS (KOHA)
Source of classification or shelving scheme Dewey Decimal Classification
Koha item type Books
Holdings
Withdrawn status Lost status Damaged status Not for loan Collection code Home library Current library Date acquired Full call number Accession Number Price effective from Koha item type
      Not For Loan Major Research Project Reports NASSDOC Library NASSDOC Library 27/04/2024 RQ.0008 53854 27/04/2024 Research Reports